| 000 | 00422nam a2200169 a 4500 | ||
|---|---|---|---|
| 001 | 4140 | ||
| 005 | 20140414131852.0 | ||
| 008 | 090218s19uu xx 00 eng d | ||
| 020 | _a0744560551 | ||
| 050 |
_aM 793.73 _bM28 1998 |
||
| 100 | _aMiadment, Stella | ||
| 245 | _aBrave knoght to the rescue! (A). | ||
| 260 |
_aLondon : _bWalker Books, _c1998. |
||
| 300 | _a25 | ||
| 650 |
_aPicture- _xnumbers |
||
| 999 |
_c110235 _d110235 |
||